Podpora lokálnych a regionálnych produktov v slovenskom prostredí (Horehronie) ako faktor podpory cestovného ruchu diplomová práca

Uložené v:
Podrobná bibliografia
Hlavný autor: Vránska, Petra
Korporativný autor: Obchodná fakulta EU. Katedra tovaroznalectva a kvality tovaru
Ďalší autori: Strhan, Rastislav, 1968-
Médium: Kniha
Jazyk:Slovak
Vydavateľské údaje: Bratislava 2018
Tagy: Pridať tag
Žiadne tagy, Buďte prvý, kto otaguje tento záznam!

MARC

LEADER 00000nbm a2200000 4500
001 0243341
005 20180911140134.6
041 0 |a slo 
044 |a SK 
245 1 0 |a Podpora lokálnych a regionálnych produktov v slovenskom prostredí (Horehronie) ako faktor podpory cestovného ruchu  |b diplomová práca  |c Petra Vránska ; školiteľ: Rastislav Strhan 
264 1 |a Bratislava  |c 2018 
300 |a 88 s. 
100 1 |a Vránska, Petra 
700 1 |a Strhan, Rastislav, 1968- 
710 2 |a Obchodná fakulta EU. Katedra tovaroznalectva a kvality tovaru